• 首页
  • 本馆介绍
  • 公告通知
  • 最新文献
  • 馆藏检索
  • 电子资源
  • 读者导购
  • 参考咨询
  • 我的图书馆
  • 登录
  • 详细信息显示
  • 放入我的书架
  • 预约/预借图书
  • 作者相关作品
  • 分类相关作品
  • 丛书相关作品
  • 出版社相关作品

书目信息

  • 表格格式
  • 工作单格式
  • 卡片格式
题名:
化工数据建模与试验优化设计
    
 
作者: 郑明东 , 刘炼杰 , 余亮 , 姚伯元 编著
分册:  
出版信息: 合肥   中国科学技术大学出版社  2001
页数: 175页
开本: 26cm
丛书名:
单 册:
中图分类: TQ018
科图分类:
主题词: 化学工业--数学模型--高等学校--教材
电子资源:
ISBN: 7-312-01278-7
000 00709nam0 2200229 45
001 0301070845
005 20031219104102.9
010    @a7-312-01278-7@dCNY16.00
100    @a20030107d2001 km y0chiy0120 ea
101 0  @achi
105    @aak z 000yy
200 1  @a化工数据建模与试验优化设计@AHua Gong Shu Ju Jian Mo Yu Shi Yan You Hua She Ji@f郑明东等编著@FZheng Ming Dong Deng Bian Zhu
210    @a合肥@c中国科学技术大学出版社@d2001
215    @a175页@c图@d26cm
606 0  @a化学工业@x数学模型@x高等学校@x教材
690    @aTQ018@v4
701  0 @a郑明东@4编著
701  0 @a刘炼杰@4编著
701  0 @a余亮@4编著
701  0 @a姚伯元@4编著
801    @aCN@bTSTC@c20030107
905    @b318928-932@dTQ018@e54@f5
    
    化工数据建模与试验优化设计/郑明东等编著.-合肥:中国科学技术大学出版社,2001
    175页:图;26cm
    
    
    ISBN 7-312-01278-7:CNY16.00
    
●
相关链接 在E读中查询图书 在五车中查询图书 在当当中查询图书 在豆瓣中查询图书


正题名:化工数据建模与试验优化设计     索取号:TQ018/54         预约/预借

序号 登录号 条形码 馆藏地/架位号 状态 备注
1 0318928   203189281   第三借阅区/ [索取号:TQ018/54] 在馆    
2 0318929   203189290   第三借阅区/ [索取号:TQ018/54] 在馆    
3 0318930   203189307   第三借阅区/ [索取号:TQ018/54] 在馆    
4 0318931   203189316   第三借阅区/ [索取号:TQ018/54] 在馆    
5 0318932   203189325   第二样本阅览室/ [索取号:TQ018/54] 在馆    
唐山师范学院图书馆 欢迎您!
大连网信软件有限公司© 版权所有